000 01224nam a22002417a 4500
005 20121010141910.0
008 121010t xxu||||| |||| 00| 0 mar d
010 _aMAR-22758
020 _c220.00
_a9788184984125
035 _aMR-15416
037 _bDBAD/PUB
040 _aDPL
_bMR
082 _a823
100 _953016
_aस्मिथ, अलेक्झांडर मॅक्काल
245 _aटिअर्स ऑफ द जिराफ /
_cअलेक्झांडर मॅक्काल स्मिथ ; नीला चांदोरकर द्वारा अनुवादित
246 _aTears Of The Giraffe
_bby Alexander McCall Smith
260 _aपुणे
_bमेहता पब्लिशिंग हाऊस
_c2012
270 _bपुणे
_a1941,सदाशिव पेठ,माडीवाले कॉलनी
_e411030
300 _aआठ,216पृ.
_c21सेमी(अजिल्द)
700 _aचांदोरकर, नीला
_953616
942 _2ddc
_cMR
_mस्मिथअ
_h823
999 _c71475
_d71475